000 01224nam0a2200337 4500
001 RU\NLR\bibl\1433626
005 20260405161708.0
010 _a978-5-17-060723-5
_bАСТ
010 _a978-5-403-01855-5
_bАСТ МОСКВА
021 _aRU
_b2009-71775
_94456
035 _a(nilc)RSL-KNO-004380947
035 _a(NLR Aleph) 001425523
090 _a1369696
_c1369696
100 _a20090827d2009 |||y0rusy50 ca
101 0 _arus
102 _aRU
105 _aa |||||||||
200 1 _aВнешняя угроза: второй шанс
_e[фантастический роман]
_fАлексей Фомичев
_g[худож. Е. Деко]
210 _aМосква
_cАСТ
_cАСТ МОСКВА
_d2009
215 _a478, [1] с.
_cил.
_d16
225 1 _aЗвездный лабиринт
686 _aШ5(2=Р)75-644.5
_2rubbk
700 1 _aФомичев
_bА. С.
_gАлексей Сергеевич
_4070
702 1 _4440
_8rus
_7ca
_aДеко
_bЕ.
_cхудожник
_f1968-
_gЕвгений
_3RU\NLR\auth\7768115
_951043
801 0 _aRU
_bРКП
_c20090827
_grcr
801 1 _aRU
_bРГБ
_c20090827
801 2 _aRU
_bNLR
_c20091103
_grcr
830 _aпо кн
942 _cBOOK
980 _aNB